| 000 | 00770cab a2200241 4500 | ||
|---|---|---|---|
| 001 | X2963 | ||
| 008 | 090401t1995 xxu||||| |||| 00| 0 eng d | ||
| 035 | _a(Sirsi) u27514 | ||
| 041 | _aeng | ||
| 100 | _aCoupland, A. | ||
| 245 | _aReclaiming the city | ||
| 260 | _c1995 | ||
| 350 | _a0 | ||
| 490 |
_aCSM (Chartered Surveyor Monthly) _v4(9) July/August 1995, 26-27(2) |
||
| 520 | _aLooks at the planning and development issues facing our cities including traffic and transport, safety, and competition from out-of-town shopping centres. | ||
| 650 | _aCITY CENTRES | ||
| 650 | _aOUT-OF-TOWN SHOPPING CENTRES | ||
| 650 | _aPLANNING POLICY GUIDANCE NOTE 13 | ||
| 650 | _aTRANSPORT | ||
| 690 | _aPLANNING LAW AND PRACTICE | ||
| 942 | _n0 | ||
| 948 | _c04/03/1997 | ||
| 999 |
_c18522 _d18522 |
||